000 00854nam a2200253Ia 4500
003 OSt
005 20221005112525.0
006 a|||||r|||| 00| 0
007 ta
008 221004b |||||||| |||| 00| 0 pan d
020 _a9789350172858 (hbk)
_c200
024 _a3751
037 _b753, 12/03/2013, Bright Book Service
_cTextual
040 _aCRL
_cCRL
_bpan
041 _2pan
_apan
082 _aO153,1:g, Q1
100 _aਪਾਤਰ, ਸੁਰਜੀਤ
245 0 _aਸੂਰਜ ਮੰਦਰ ਦੀਆਂ ਪੌੜੀਆਂ
260 _aਚੰਡੀਗੜ
_bਲੋਕਗੀਤ ਭਾਰਤ
_c2011
300 _a222ਪੰ
_ccm.
650 _aਪੰਜਾਬੀ ਸਾਹਿਤ
942 _hO153,1:g, Q1
_cTEXL
_2cc
999 _c1025153
_d1025153